Majority Buddhist Countries on a Map - Statistics

General Stats
  • This quiz has been taken 879 times
  • The average score is 6 of 7
Answers on the Map
Answers color-coded by a green-red scale on the quiz's map according to % correct below.
 
Answer Stats
Answer % Correct
Thailand
98%
Laos
97%
Bhutan
96%
Cambodia
96%
Myanmar
96%
Sri Lanka
82%
Mongolia
78%
No matching quizzes found
Score Distribution
Percent of People with Each Score
Percentile by Number Answered
Your Score History
You have not taken this quiz